Normal view
MARC view
Entry Personal Name
001 - CONTROL NUMBER
- control field: 343711
003 - CONTROL NUMBER IDENTIFIER
- control field: OSt
005 - DATE AND TIME OF LATEST TRANSACTION
- control field: 20220926040502.0
008 - FIXED-LENGTH DATA ELEMENTS
- fixed length control field: 220926|| aca||aabn | a|a d
040 ## - CATALOGING SOURCE
- Original cataloging agency: OSt
- Transcribing agency: OSt
100 ## - HEADING--PERSONAL NAME
- Personal name: Kruger Daniel H
670 ## - SOURCE DATA FOUND
- Source citation: Work cat.: (OSt)664908: Haber William 342753, Role of the United States employment service in a, 1964
